The economic geography of the IT industry in the Asia Pacific region (Record no. 12441)
[ view plain ]
| 000 -LEADER | |
|---|---|
| fixed length control field | 01698nam a2200397Ia 4500 |
| 001 - CONTROL NUMBER | |
| control field | 9780203097151 |
| 003 - CONTROL NUMBER IDENTIFIER | |
| control field | BD-DhSAU |
| 005 - DATE AND TIME OF LATEST TRANSACTION | |
| control field | 20151012151718.0 |
| 006 - FIXED-LENGTH DATA ELEMENTS--ADDITIONAL MATERIAL CHARACTERISTICS | |
| fixed length control field | a|||||s||||||||||| |
| 007 - PHYSICAL DESCRIPTION FIXED FIELD--GENERAL INFORMATION | |
| fixed length control field | cr|||| |
| 008 - FIXED-LENGTH DATA ELEMENTS--GENERAL INFORMATION | |
| fixed length control field | 130703s2013 nyuabd sb 001 0 eng d |
| 020 ## - INTERNATIONAL STANDARD BOOK NUMBER | |
| International Standard Book Number | 9780203097151 (e-book : PDF) |
| 040 ## - CATALOGING SOURCE | |
| Original cataloging agency | BD-DhSAU |
| Transcribing agency | BD-DhSAU |
| 043 ## - GEOGRAPHIC AREA CODE | |
| Geographic area code | a------ |
| -- | p------ |
| 090 ## - LOCALLY ASSIGNED LC-TYPE CALL NUMBER (OCLC); LOCAL CALL NUMBER (OCLC) | |
| Classification number (OCLC) (R) ; Classification number, CALL (RLIN) (NR) | HC681.3.I55 |
| Local cutter number (OCLC) ; Book number/undivided call number, CALL (RLIN) | E36 2013 |
| 092 ## - LOCALLY ASSIGNED DEWEY CALL NUMBER (OCLC) | |
| Classification number | 338.47004095 |
| Item number | E194 |
| 245 04 - TITLE STATEMENT | |
| Title | The economic geography of the IT industry in the Asia Pacific region |
| Medium | [electronic resource] / |
| Statement of responsibility, etc. | edited by Philip Cooke, Glen Searle and Kevin O'Connor. |
| 260 ## - PUBLICATION, DISTRIBUTION, ETC. (IMPRINT) | |
| Place of publication, distribution, etc. | New York : |
| Name of publisher, distributor, etc. | Routledge, |
| Date of publication, distribution, etc. | 2013. |
| 300 ## - PHYSICAL DESCRIPTION | |
| Extent | xxv, 285 p. : |
| Other physical details | ill., maps. |
| 490 1# - SERIES STATEMENT | |
| Series statement | Regions and cities ; |
| Volume/sequential designation | 67 |
| 504 ## - BIBLIOGRAPHY, ETC. NOTE | |
| Bibliography, etc | Includes bibliographical references and index. |
| 505 0# - FORMATTED CONTENTS NOTE | |
| Formatted contents note | pt. 1. Introduction -- pt. 2. The new global context -- pt. 3. National perspectives on the Asia Pacific IT industry in a global context -- pt. 4. Sectoral responses to global change -- pt. 5. Regional and local responses to global change. |
| 530 ## - ADDITIONAL PHYSICAL FORM AVAILABLE NOTE | |
| Additional physical form available note | Also available in print edition. |
| 538 ## - SYSTEM DETAILS NOTE | |
| System details note | Mode of access: World Wide Web. |
| 650 #0 - SUBJECT ADDED ENTRY--TOPICAL TERM | |
| Topical term or geographic name as entry element | Information technology |
| General subdivision | Economic aspects |
| Geographic subdivision | Pacific Area. |
| 650 #0 - SUBJECT ADDED ENTRY--TOPICAL TERM | |
| Topical term or geographic name as entry element | High technology industries |
| Geographic subdivision | Pacific Area. |
| 650 #0 - SUBJECT ADDED ENTRY--TOPICAL TERM | |
| Topical term or geographic name as entry element | Industrial clusters |
| Geographic subdivision | Pacific Area. |
| 651 #0 - SUBJECT ADDED ENTRY--GEOGRAPHIC NAME | |
| Geographic name | Pacific Area |
| General subdivision | Economic conditions. |
| 655 #7 - INDEX TERM--GENRE/FORM | |
| Genre/form data or focus term | Electronic books. |
| Source of term | lcsh |
| 700 1# - ADDED ENTRY--PERSONAL NAME | |
| Personal name | Cooke, Philip |
| Fuller form of name | (Philip N.) |
| 700 1# - ADDED ENTRY--PERSONAL NAME | |
| Personal name | Searle, Glen. |
| 700 1# - ADDED ENTRY--PERSONAL NAME | |
| Personal name | O'Connor, Kevin |
| Titles and other words associated with a name | (Economic geographer) |
| 776 1# - ADDITIONAL PHYSICAL FORM ENTRY | |
| International Standard Book Number | 9780415631075 (hardback) |
| 830 #0 - SERIES ADDED ENTRY--UNIFORM TITLE | |
| Uniform title | Regions and cities ; |
| Volume number/sequential designation | 67. |
| 856 40 - ELECTRONIC LOCATION AND ACCESS | |
| Uniform Resource Identifier | <a href="http://www.tandfebooks.com/isbn/9780203097151">http://www.tandfebooks.com/isbn/9780203097151</a> |
No items available.
